000 00509nam a2200181Ia 4500
008 090124s9999 xx 000 0 und d
082 _b22203
_a2189
100 _aपारखे म.स.
245 _a जन्मदा खंड 1 ला
250 _a1
260 _c1976
300 _a13+269
600 _aपारखे म.स.
630 _a जन्मदा खंड 1 ला
700 _aपारखे म.स.
730 _a जन्मदा खंड 1 ला
942 _cBOOK
999 _c135848
_d135848